Statystyki dla Wszystkie utwory z płyty ReTo - ,,K R U K"

Kliknij tutaj aby rozwiązać quiz!

Ogólne statystyki

  • Ten quiz został rozwiązany 19 razy
  • Średni wynik to 11 z 18

Statystyki odpowiedzi

Nr.Nazwa% Poprawnych
2Domek z kart
92%
4_Edit
85%
11Papierosy_rmx
85%
3Klamka | Zapadła
77%
6Tonight
77%
10Czemu nie?
69%
7Grzech
62%
9Liczby
62%
1Lot (The Beginning)
62%
8Struś
62%
15zZz
62%
17Monet
54%
5Bania
46%
13Chcą mi wmówić
46%
18Deadpool (The End)
46%
12Pył
46%
16BLINDSQUA'
38%
14Schizy
31%

Rozkład punktacji

Percentyl według liczby udzielonych odpowiedzi

Procent ludzi z każdym wynikiem

Twoja historia wyników

Nie rozwiązałeś tego quizu